000
00223 a2200097 4500
001
18174
100
_a
Qadri, A A
245
_a
Islamicjurisprudence in the modern world
260
_a
_b
Sh M Ashraf
_c
090
_c
13468
_d
13468
942
_a
NUST-CAE
_c
M
_c
3856
999
_c
253247
_d
253247